Królowie strzelców Serie A 1929-2019 - Statystyki

Ogólne statystyki
  • Ten quiz został rozwiązany 180 razy
  • Średni wynik to 18 z 87
Statystyki odpowiedzi
Sezon Odpowiedź % Poprawnych
2007/08 Alessandro Del Piero
85%
2017/18 Ciro Immobile / Mauro Icardi
82%
2013/14 Ciro Immobile
79%
2014/15 Mauro Icardi / Luca Toni
73%
2006/07 Francesco Totti
72%
2008/09 Zlatan Ibrahimovic
65%
2011/12 Zlatan Ibrahimovic
65%
2015/16 Gonzalo Higuain
62%
2005/06 Luca Toni
61%
1996/97 Filippo Inzaghi
60%
2009/10 Antonio Di Natale
47%
2010/11 Antonio Di Natale
47%
2018/19 Fabio Quagliarella
44%
1999/00 Andriy Schevchenko
42%
2003/04 Andriy Schevchenko
42%
1989/90 Marco Van Basten
42%
1991/92 Marco van Basten
42%
1977/78 Paolo Rossi
41%
2001/02 David Trezeguet / Dario Hubner
40%
2002/03 Christian Vieri
38%
2016/17 Edin Dzeko
38%
1982/83 Michel Platini
36%
1983/84 Michel Platini
36%
1984/85 Michel Platini
36%
1987/88 Diego Maradona
33%
1929/30 Giuseppe Meazza
33%
1935/36 Giuseppe Meazza
33%
1937/38 Giuseppe Meazza
33%
2000/01 Hernan Crespo
30%
2012/13 Edinson Cavani
27%
1994/95 Gabriel Batistuta
23%
1966/67 Luigi Riva
19%
1968/69 Luigi Riva
19%
1969/70 Luigi Riva
19%
1972/73 Giuseppe Savoldi / Paolo Pulici / Gianni Rivera
15%
1990/91 Gianluca Vialli
13%
1936/37 Silvio Piola
12%
1942/43 Silvio Piola
12%
1949/50 Gunnar Nordahl
10%
1950/51 Gunnar Nordahl
10%
1952/53 Gunnar Nordahl
10%
1953/54 Gunnar Nordahl
10%
1954/55 Gunnar Nordahl
10%
1997/98 Oliver Bierhoff
9%
1964/65 Sandro Mazzola / Alberto Orlando
9%
1946/47 Valentino Mazzola
9%
1956/57 Dino Da Costa
8%
1992/93 Giuseppe Signori
8%
1993/94 Giuseppe Signori
8%
1995/96 Igor Protti / Giuseppe Signori
8%
2004/05 Cristiano Lucarelli
6%
1998/99 Marcio Amoroso
6%
1974/75 Paolo Pulici
6%
1975/76 Paolo Pulici
6%
1961/62 Jose Altafini
5%
1959/60 Omar Sivori
5%
1947/48 Giampiero Boniperti
4%
1979/80 Roberto Bettega
4%
1976/77 Francesco Graziani
3%
1973/74 Giorgio Chinaglia
3%
1986/87 Pietro Virdis
3%
1970/71 Roberto Boninsegna
3%
1971/72 Roberto Boninsegna
3%
1980/81 Roberto Pruzzo
3%
1981/82 Roberto Pruzzo
3%
1985/86 Roberto Pruzzo
3%
1988/89 Aldo Serena
2%
1963/64 Harald Nielsen
2%
1962/63 Harald Nielsen / Pedro Monfredini
2%
1957/58 John Charles
2%
1965/66 Luis Vinicio
2%
1967/68 Pierino Prati
2%
1939/40 Aldo Boffi
1%
1941/42 Aldo Boffi
1%
1938/39 Aldo Boffi / Ettore Puricelli
1%
1931/32 Angelo Schiavio/ Pedro Petrone
1%
1958/59 Antonio Angelillo
1%
1978/79 Bruno Giordano
1%
1934/35 Enrique Guaita
1%
1940/41 Ettore Puricelli
1%
1932/33 Felice Borel
1%
1933/34 Felice Borel
1%
1955/56 Gino Pivatelli
1%
1948/49 Istvan Nyers
1%
1951/52 John Hansen
1%
1930/31 Rodolfo Volk
1%
1960/61 Sergio Brighenti
1%
Nie znaleziono quizów pasujących do podanych kryteriów
Rozkład punktacji
Procent ludzi z każdym wynikiem
Percentyl według liczby udzielonych odpowiedzi
Twoja historia wyników
Nie rozwiązałeś tego quizu